00323nam a22001457a 450000500170000002000180001704100120003508200160004710000200006324500280008325000070011126000400011830000080015836500110016620260629133309.0 a9788194965992 aEnglish aT16 R25 PAR aParamasivan Tho aAriyapatatha Tamizhigam a01 aChennaibNatriani Pathippagamc2025 a112 b150.00